000 00719nam a22002172 4500
001 0000023735
005 20151217152247.0
008 130320s xx 000 0 eng d
020 _a0801021715 :
040 _aKABU
_cKABU
100 1 _aChisholm, Robert B.
_@0000182465
245 1 0 _aFrom exegesis to exposition :
_ba practical guide to using biblical Hebrew /
_cRobert B. Chisholm Jr.
250 _a1st ed.
260 _aMichigan :
_bBaker books,
_c1999.
300 _a304 p.
650 0 _aBible. O. T.
_xlanguage, style.
_@0000183418
650 0 _aBible. O. T
_xcriticis, interpretations. etc.
_@0000183419
852 1 _9p2000 KES
908 _a130320
950 _@1
999 _c9949
_d9949